[Event "Ramco Tech op"]
[Site "Rajapalayam"]
[Date "2018.11.29"]
[Round "2"]
[White "Muthaiah, Al"]
[Black "Ulaganathan, G."]
[Result "1-0"]
[WhiteElo "2408"]
[BlackElo "1482"]
[PlyCount "57"]
[EventDate "2018.11.29"]
[EventType "swiss"]
[EventRounds "8"]
[EventCountry "IND"]
[SourceTitle "CBM 187 Extra"]
[Source "ChessBase"]
[SourceDate "2018.11.04"]
[SourceVersion "1"]
[SourceVersionDate "2018.11.04"]
[SourceQuality "1"]

1. d4 d5 2. c4 Nf6 3. cxd5 Nxd5 4. e4 Nb6 5. Nc3 g6 6. Be3 Bg7 7. h3 N8d7 8. Nf3 0-0 9. Be2 c6 10. a4 Nf6 11. a5 Nbd7 12. 0-0 h6 13. Qb3 Nh7 14. e5 Kh8 15. Rfd1 Qe8 16. d5 Nxe5 17. Nxe5 Bxe5 18. a6 b6 19. dxc6 g5 20. Qd5 Bxc3 21. bxc3 e5 22. c7 Bf5 23. Bf3 Qe7 24. Bxb6 e4 25. Qxf5 exf3 26. Rd8 Raxd8 27. cxd8Q Rxd8 28. Bxd8 Qxd8 29. Qxf7 1-0